[Event "DEN-ch U16 rapid"]
[Site "Odense"]
[Date "2021.10.01"]
[Round "3"]
[White "Kongskov, Andrea"]
[Black "Nielsen, Victor Christopher"]
[Result "1-0"]
[WhiteElo "1654"]
[BlackElo "1534"]
[PlyCount "69"]
[EventDate "2021.10.01"]
[EventType "swiss"]
[EventRounds "5"]
[EventCountry "DEN"]
[SourceTitle "EXT 2024"]
[Source "ChessBase"]
[SourceDate "2023.10.10"]
[SourceVersion "1"]
[SourceVersionDate "2023.10.10"]
[SourceQuality "1"]

1. e4 c5 2. Nf3 d6 3. d4 cxd4 4. Nxd4 Nf6 5. Nc3 a6 6. Be2 e5 7. Nb3 Be7 8. Be3 Be6 9. 0-0 0-0 10. Nd5 Nxd5 11. exd5 Bf5 12. c4 Nd7 13. Rc1 Nc5 14. Nxc5 dxc5 15. Qd2 Bd6 16. a3 Qc7 17. b4 b6 18. f4 e4 19. Bh5 Bd7 20. Kh1 g6 21. Bd1 f5 22. Bc2 Kf7 23. g4 Rae8 24. gxf5 gxf5 25. Qe1 Qd8 26. Bd1 Kg8 27. Bh5 Re7 28. Qc3 Rg7 29. Rg1 Qf6 30. Rxg7+ Kxg7 31. Rg1+ Kh8 32. Qd2 Qe7 33. bxc5 Bxc5 34. Bxc5 Qxc5 35. Qc3+ 1-0

[Event "DEN-ch U16 rapid"]
[Site "Odense"]
[Date "2021.10.01"]
[Round "2"]
[White "Nielsen, Victor Christopher"]
[Black "Meskenas, Paulius"]
[Result "0-1"]
[WhiteElo "1534"]
[BlackElo "2044"]
[PlyCount "104"]
[EventDate "2021.10.01"]
[EventType "swiss"]
[EventRounds "5"]
[EventCountry "DEN"]
[SourceTitle "EXT 2024"]
[Source "ChessBase"]
[SourceDate "2023.10.10"]
[SourceVersion "1"]
[SourceVersionDate "2023.10.10"]
[SourceQuality "1"]

1. e4 e5 2. Nf3 Nc6 3. Bb5 a6 4. Ba4 Nf6 5. 0-0 b5 6. Bb3 Bc5 7. c3 Bb6 8. Re1 d6 9. h3 h6 10. d4 0-0 11. Be3 Nd7 12. Nbd2 Bb7 13. Nf1 Na5 14. Bc2 Nc4 15. Bc1 c5 16. b3 Na5 17. Bb2 Nc6 18. Ng3 Ne7 19. dxe5 dxe5 20. c4 Bc7 21. Qe2 Bc6 22. Red1 Qb8 23. Bc3 Nf6 24. Rd2 Re8 25. Qe3 Nd7 26. Rad1 Qc8 27. Rxd7 Bxd7 28. Nxe5 Bxe5 29. Bxe5 bxc4 30. bxc4 Nc6 31. Bc3 Ne5 32. Bb3 a5 33. a3 a4 34. Ba2 Qc7 35. Rd5 Rac8 36. Qd2 Bc6 37. Rxc5 f6 38. Bb1 Qb6 39. Bb4 Rcd8 40. Qe2 Kh8 41. Bc2 Rd7 42. Kh1 Red8 43. Rxe5 fxe5 44. Nf5 Rf7 45. f3 Bd7 46. Ne7 Qf6 47. Nd5 Qh4 48. Kh2 Bc6 49. Ne3 Qf4+ 50. Kg1 Bd7 51. Nf5 Be6 52. Bd6 Bxf5 0-1